书目信息 |
| 题名: |
多媒体应用技术
|
|
| 作者: | 董卫军 编著 | |
| 分册: | ||
| 出版信息: | 北京 电子工业出版社 2013 |
|
| 页数: | 209页 | |
| 开本: | 26cm | |
| 丛书名: | ||
| 单 册: | ||
| 中图分类: | TP37 | |
| 科图分类: | ||
| 主题词: | 多媒体技术--高等学校--教材 | |
| 电子资源: | ||
| ISBN: | 978-7-121-19145-9 | |
| 000 | 00860nam0 22002291 450 | |
| 001 | 2353331984 | |
| 005 | 20231130144907.26 | |
| 010 | @a978-7-121-19145-9@dCNY29.00 | |
| 100 | @a20130121d2013 em y0chiy50 ea | |
| 101 | 0 | @achi |
| 102 | @aCN@b110000 | |
| 105 | @aa z 000yy | |
| 200 | 1 | @a多媒体应用技术@Aduo mei ti ying yong ji shu@f董卫军[等]编著 |
| 210 | @a北京@c电子工业出版社@d2013 | |
| 215 | @a209页@c图@d26cm | |
| 300 | @a高等学校规划教材 国家精品课程系列教材 | |
| 330 | @a本书共9章,主要包括:多媒体技术概述、图形图像处理技术、图形编辑软件CorelDRAW、数字音频技术、数字音频编辑软件Adobe Audition、计算机动画制作技术、动画编辑软件Flash CS5、视频处理技术、视频编辑软件VideoStudio。 | |
| 606 | 0 | @a多媒体技术@x高等学校@j教材 |
| 690 | @aTP37@v5 | |
| 701 | 0 | @a董卫军@Adong wei jun@4编著 |
| 801 | 0 | @aCN@b山东中教@c20231126 |
| 905 | @aBZT@dTP37@e14 | |
| 多媒体应用技术/董卫军[等]编著.-北京:电子工业出版社,2013 |
| 209页:图;26cm |
| 高等学校规划教材 国家精品课程系列教材 |
| ISBN 978-7-121-19145-9:CNY29.00 |
| 本书共9章,主要包括:多媒体技术概述、图形图像处理技术、图形编辑软件CorelDRAW、数字音频技术、数字音频编辑软件Adobe Audition、计算机动画制作技术、动画编辑软件Flash CS5、视频处理技术、视频编辑软件VideoStudio。 |
| ● |
| 相关链接 |
|
|
|
正题名:多媒体应用技术
索取号:TP37/14
 
预约/预借
| 序号 | 登录号 | 条形码 | 馆藏地/架位号 | 状态 | 备注 |
| 1 | 2001157725 | 2001157725 | 中教(第二批第二书库)/山东中教(第二批)/695/ [索取号:TP37/14] | 在馆 | |
| 2 | 2001157726 | 2001157726 | 中教(第二批第二书库)/山东中教(第二批)/695/ [索取号:TP37/14] | 在馆 | |
| 3 | 2001157727 | 2001157727 | 中教(第二批第二书库)/山东中教(第二批)/695/ [索取号:TP37/14] | 在馆 | |
| 4 | 2001157728 | 2001157728 | 中教(第二批第二书库)/山东中教(第二批)/695/ [索取号:TP37/14] | 在馆 | |
| 5 | 2001157729 | 2001157729 | 中教(第二批第二书库)/山东中教(第二批)/695/ [索取号:TP37/14] | 在馆 | |
| 6 | 2001157730 | 2001157730 | 中教(第二批第二书库)/山东中教(第二批)/695/ [索取号:TP37/14] | 在馆 | |
| 7 | 2001157731 | 2001157731 | 中教(第二批第二书库)/山东中教(第二批)/695/ [索取号:TP37/14] | 在馆 | |
| 8 | 2001157732 | 2001157732 | 中教(第二批第二书库)/山东中教(第二批)/695/ [索取号:TP37/14] | 在馆 | |
| 9 | 2001157733 | 2001157733 | 中教(第二批第二书库)/山东中教(第二批)/695/ [索取号:TP37/14] | 在馆 | |
| 10 | 2001157734 | 2001157734 | 中教(第二批第二书库)/山东中教(第二批)/695/ [索取号:TP37/14] | 在馆 | |
| 11 | 2001157735 | 2001157735 | 中教(第二批第二书库)/山东中教(第二批)/695/ [索取号:TP37/14] | 在馆 | |
| 12 | 2001157736 | 2001157736 | 中教(第二批第二书库)/山东中教(第二批)/695/ [索取号:TP37/14] | 在馆 | |
| 13 | 2001157737 | 2001157737 | 中教(第二批第二书库)/山东中教(第二批)/695/ [索取号:TP37/14] | 在馆 | |
| 14 | 2001157738 | 2001157738 | 中教(第二批第二书库)/山东中教(第二批)/695/ [索取号:TP37/14] | 在馆 | |
| 15 | 2001157739 | 2001157739 | 中教(第二批第二书库)/山东中教(第二批)/695/ [索取号:TP37/14] | 在馆 | |
| 16 | 2001157740 | 2001157740 | 中教(第二批第二书库)/山东中教(第二批)/695/ [索取号:TP37/14] | 在馆 | |
| 17 | 2001157741 | 2001157741 | 中教(第二批第二书库)/山东中教(第二批)/695/ [索取号:TP37/14] | 在馆 | |
| 18 | 2001157742 | 2001157742 | 中教(第二批第二书库)/山东中教(第二批)/695/ [索取号:TP37/14] | 在馆 | |
| 19 | 2001157743 | 2001157743 | 中教(第二批第二书库)/山东中教(第二批)/695/ [索取号:TP37/14] | 在馆 | |
| 20 | 2001157744 | 2001157744 | 中教(第二批第二书库)/山东中教(第二批)/695/ [索取号:TP37/14] | 在馆 | |
| 21 | 2001157745 | 2001157745 | 中教(第二批第二书库)/山东中教(第二批)/695/ [索取号:TP37/14] | 在馆 | |
| 22 | 2001157746 | 2001157746 | 中教(第二批第二书库)/山东中教(第二批)/695/ [索取号:TP37/14] | 在馆 | |
| 23 | 2001157747 | 2001157747 | 中教(第二批第二书库)/山东中教(第二批)/695/ [索取号:TP37/14] | 在馆 | |
| 24 | 2001157748 | 2001157748 | 中教(第二批第二书库)/山东中教(第二批)/695/ [索取号:TP37/14] | 在馆 | |
| 25 | 2001157749 | 2001157749 | 中教(第二批第二书库)/山东中教(第二批)/695/ [索取号:TP37/14] | 在馆 | |
| 26 | 2001157750 | 2001157750 | 中教(第二批第二书库)/山东中教(第二批)/695/ [索取号:TP37/14] | 在馆 | |
| 27 | 2001157751 | 2001157751 | 中教(第二批第二书库)/山东中教(第二批)/695/ [索取号:TP37/14] | 在馆 | |
| 28 | 2001157752 | 2001157752 | 中教(第二批第二书库)/山东中教(第二批)/695/ [索取号:TP37/14] | 在馆 | |
| 29 | 2001157753 | 2001157753 | 中教(第二批第二书库)/山东中教(第二批)/695/ [索取号:TP37/14] | 在馆 | |
| 30 | 2001157754 | 2001157754 | 中教(第二批第二书库)/山东中教(第二批)/695/ [索取号:TP37/14] | 在馆 |